000 00445nam a22001457a 4500
020 _a978-9350-10559-7
082 _a640
_bJAI/H
100 _aJAISWAL, VAISHALI
245 _aALL IN ONE HOME SCIENCE CBSE CLASS 11
260 _aDELHI
_bARIHANT PRAKASHAN
_c2023
300 _a228
520 _aCOMPLETE THEORY IN EASY TO UNDERSTAND MANNER, ALL TYPES OF QUESTIONS: NCERT AND OTHER IMPORTANT QUESTIONS
650 _aHOME SCIENCE
_zINDIA
942 _cBK
999 _c7919
_d7919